Means I care - Tate McRae Lyrics - Statistics

General Stats
  • This quiz has been taken 39 times
  • The average score is 314 of 382
Answer Stats
Answer % Correct
I
100%
a
97%
cut
97%
if
97%
it
97%
just
97%
me
97%
mean
97%
of
97%
off
97%
you
97%
care
94%
go
94%
it's
94%
means
94%
no
94%
not
94%
somewhere
94%
that
94%
do
91%
what
91%
like
88%
want
88%
all
84%
know
84%
did
81%
goin'
81%
in
81%
or
81%
that's
81%
the
81%
line
78%
most
78%
my
78%
nothin'
78%
probably
78%
shut
78%
favorite
75%
I'm
75%
gone
72%
must
72%
out
72%
right
72%
Shit
72%
and
69%
around
69%
didn't
69%
ever
69%
never
69%
stick
69%
to
69%
ghost
66%
time
66%
was
66%
don't
63%
got
63%
isn't
63%
put
63%
at
59%
bein'
59%
but
59%
done
59%
every
59%
get
59%
second
59%
through
59%
too
59%
you're
59%
about
56%
back
56%
been
56%
expression
56%
good
56%
head
56%
planted
56%
puttin'
56%
say
56%
seed
56%
self
56%
up
56%
yeah
56%
away
53%
downright
53%
end
53%
felt
53%
guessin'
53%
run
53%
shoulda
53%
way
53%
without
53%
admit
50%
better
50%
follow
50%
hard
50%
little
50%
mention
50%
nah
50%
overnight
50%
won
50%
woulda
47%
fight
44%
this
44%
will
44%
best
41%
sorry
41%
ain't
38%
along
38%
coulda
38%
stringing
34%
who's
25%
No matching quizzes found
Score Distribution
Percent of People with Each Score
Percentile by Number Answered
Your Score History
You have not taken this quiz